<?xml version="1.0" encoding="UTF-8"?>
<collection xmlns="http://www.loc.gov/MARC21/slim">
 <record>
  <leader>01720nam a22001931a 4500</leader>
  <controlfield tag="001">1/27943</controlfield>
  <controlfield tag="008">      s2001    lu     f      00010 gre d</controlfield>
  <datafield tag="022" ind1="0" ind2=" ">
   <subfield code="a">0254-1483</subfield>
  </datafield>
  <datafield tag="028" ind1="3" ind2="1">
   <subfield code="a">1985/0046 (COD)</subfield>
  </datafield>
  <datafield tag="028" ind1="3" ind2="1">
   <subfield code="a">KT-CO-01-164-GR-C</subfield>
  </datafield>
  <datafield tag="035" ind1=" " ind2=" ">
   <subfield code="l">29811</subfield>
  </datafield>
  <datafield tag="040" ind1=" " ind2=" ">
   <subfield code="a">GR-PeUP</subfield>
  </datafield>
  <datafield tag="084" ind1="-" ind2="-">
   <subfield code="2">KET</subfield>
   <subfield code="a">COM(2001) 120 τελικό</subfield>
  </datafield>
  <datafield tag="110" ind1="2" ind2=" ">
   <subfield code="a">Επιτροπή των Ευρωπαϊκών Κοινοτήτων.</subfield>
  </datafield>
  <datafield tag="245" ind1="1" ind2="0">
   <subfield code="a">Γνωμοδότηση της Επιτροπής σύμφωνα με το άρθρο 251, παράγραφος 2, στοιχείο γ) της σύνθηκης ΕΚ, επί των τροπολογιών του Ευρωπαϊκού Κιονοβουλίου στη κοινή θέση του Συμβουλίου σχετικά με την πρόταση Οδηγίας του Ευρωπαϊκού Κοινοβουλίου και του Συμβουλίου σχετικά με την εξυγίανση και την εκκαθάριση των πιστωτικών ιδρυμάτων:</subfield>
   <subfield code="b">περί τροποποιήσεως της πρότασης της Επιτροπής σύμφωνα με το άρθρο 250, παράγραφος 2 της συνθήκης ΕΚ/</subfield>
   <subfield code="c">Επιτροπή των Ευρωπαϊκών Κοινοτήτων</subfield>
  </datafield>
  <datafield tag="260" ind1="0" ind2=" ">
   <subfield code="a">Βρυξέλλες, Λουξεμβούργο:</subfield>
   <subfield code="b">Υπηρεσία Επισήμων Εκδόσεων των Ευρωπαϊκών Κοινοτήτων,</subfield>
   <subfield code="c">8.3.2001</subfield>
  </datafield>
  <datafield tag="300" ind1=" " ind2=" ">
   <subfield code="a">5 σελ.</subfield>
  </datafield>
  <datafield tag="852" ind1=" " ind2=" ">
   <subfield code="a">INST</subfield>
   <subfield code="b">UNIPILB</subfield>
   <subfield code="c">KET</subfield>
   <subfield code="e">20050905</subfield>
   <subfield code="h">COM(2001) 120</subfield>
   <subfield code="p">COM(2001) 120</subfield>
   <subfield code="q">COM(2001) 120</subfield>
   <subfield code="t">NOLOAN</subfield>
   <subfield code="y">23</subfield>
   <subfield code="4">1</subfield>
  </datafield>
  <datafield tag="856" ind1="4" ind2="1">
   <subfield code="u">http://eur-lex.europa.eu/LexUriServ/LexUriServ.do?uri=COM:2001:0120:FIN:EL:PDF</subfield>
  </datafield>
 </record>
</collection>
